Salzburger Stadtteile auf einer Karte - Statistiken

Allgemein
  • Dieses Quiz wurde 455 mal gespielt
  • Das Durchschnittsergebnis liegt bei 13 aus 27
Antworten auf der Karte
Die Antworten werden auf der Karte rot bzw. grün angezeigt, abhängig davon wie oft sie richtig erraten wurden.
 
Antwortstatistiken
Nr. Stadtteil % Korrekt
I. Altstadt
84%
VIII. Liefering
74%
VI. Maxglan
70%
X. Parsch
67%
XII. Itzling
66%
VII. Lehen
66%
XI. Gnigl
65%
IX. Aigen
64%
XX. Taxham
58%
III. Mülln
57%
V. Nonntal
56%
II. Neustadt
48%
XIII. Elisabeth-Vorstadt
47%
XV. Gneis
47%
XIV. Morzg
47%
XVII. Salzburg-Süd
45%
XXI. Schallmoos
41%
II. Gaisberg
39%
I. Hellbrunn
38%
IV. Riedenburg
37%
XIX. Kasern
33%
III. Heuberg
26%
XXIV. Itzling Nord
26%
XVI. Leopoldskroner Moos
25%
XXIII. Maxglan West
25%
XVIII. Langwied
24%
XXII. Gneis Süd
18%
Keine übereinstimmenden Quizze gefunden
Verteilung der Resultate
Anzahl Personen mit jedem Resultat
Perzentil nach korrekt beantworteten Fragen
Ihre Resultats-Entwicklung
Sie haben dieses Quiz noch nicht gespielt